Statistics for Monster slayers

Click here to take the quiz!

General Stats

  • This quiz has been taken 16 times
  • The average score is 9 of 18

Answer Stats

MonsterSlayer% Correct
Lernean HydraHeracles
87%
BowserMario
87%
GrendelBeowulf
73%
Durin's BaneGandalf
67%
MedusaPerseus
67%
JörmungandrThor
67%
GanonLink
60%
JabberwockAlice
47%
SmaügBard
47%
RancorLuke Skywalker
47%
NaginiNeville Longbottom
47%
MinotaurTheseus
47%
XenomorphEllen Ripley
33%
SphinxOedipus
33%
ChimeraBellerophon
27%
HumbabaGilgamesh
20%
FafnirSiegfried
20%
Vermithrax PejorativeGalen Bradwarden
7%

Score Distribution

Percentile by Number Answered

Percent of People with Each Score

Your Score History

You have not taken this quiz